Stability of the Solar system and its minor natural and artificial bodies (Record no. 8565)

MARC details
000 -LEADER
fixed length control field 00928nam a2200193Ia 4500
003 - CONTROL NUMBER IDENTIFIER
control field IN-BaIIA
008 - FIXED-LENGTH DATA ELEMENTS--GENERAL INFORMATION
fixed length control field 211028s9999 xx 000 0 eng d
020 ## - INTERNATIONAL STANDARD BOOK NUMBER
International Standard Book Number 90-277-2046-0
040 ## - CATALOGING SOURCE
Transcribing agency IIA Library
080 ## - UNIVERSAL DECIMAL CLASSIFICATION NUMBER
Universal Decimal Classification number 523.98
Item number SZE
111 ## - MAIN ENTRY--MEETING NAME
Meeting name or jurisdiction name as entry element NATO Advanced Study institute on Stability of the Solar System and Its Minor Natural and Artificial Bodies
Location of meeting Italy
Date of meeting or treaty signing 1984 Aug. 6-18
9 (RLIN) 14365
245 #0 - TITLE STATEMENT
Title Stability of the Solar system and its minor natural and artificial bodies
Remainder of title proceedings of the NATO Advanced Study Institute on stability of the Solar system and its minor natural and artificial bodies. Cortina d' Ampezzo,Italy, Aug 6-18, 1984
Statement of responsibility, etc. edited by Victor G. Szebehely
260 ## - PUBLICATION, DISTRIBUTION, ETC.
Place of publication, distribution, etc. Dordrecht
Name of publisher, distributor, etc. D. Reidel Publishing
Date of publication, distribution, etc. 1985
300 ## - PHYSICAL DESCRIPTION
Extent [various pagings.]
650 ## - SUBJECT ADDED ENTRY--TOPICAL TERM
Topical term or geographic name entry element Astronomy and Astrophysics Thesaurus
650 ## - SUBJECT ADDED ENTRY--TOPICAL TERM
Topical term or geographic name entry element Solar System
700 ## - ADDED ENTRY--PERSONAL NAME
Personal name Szebehely, Victor G., ed.
9 (RLIN) 4834
942 ## - ADDED ENTRY ELEMENTS (KOHA)
Koha item type Books
Holdings
Withdrawn status Lost status Damaged status Not for loan Home library Current library Shelving location Date acquired Cost, normal purchase price Total Checkouts Full call number Barcode Date last seen Cost, replacement price Price effective from Koha item type Purchase Price
        IIA Library-Bangalore IIA Library-Bangalore General Stacks 07/01/1986 640.00   523.98/ SZE 9434 05/11/2021 640.00 07/01/1986 Books Rs. 640.00

Powered by Koha